[Event "XXXIII C.to Italiano femminile"]
[Site "Bratto - Castione della Presolana ITA"]
[Date "2006.08.23"]
[Round "5"]
[White "Messina, Roberta"]
[Black "Brunello, Marina"]
[Result "0-1"]
[WhiteElo "1859"]
[BlackElo "1944"]
[PlyCount "70"]
[EventDate "2006.08.19"]

1. e4 e5 2. Nf3 Nc6 3. Bc4 Bc5 4. c3 Nf6 5. d3 a6 6. Bb3 d6 7. Nbd2 O-O 8. h3
Nh5 9. Nf1 Be6 10. Ng5 Nf4 11. Bxf4 Bxb3 12. axb3 exf4 13. Nf3 f5 14. b4 fxe4
15. dxe4 Bb6 16. Qd5+ Kh8 17. N1d2 Qf6 18. O-O Ne7 19. Qh5 Ng6 20. Nc4 Ba7 21.
Rad1 Rae8 22. Rfe1 b5 23. Na5 Ne5 24. Nxe5 Rxe5 25. Qf3 Rg5 26. Nc6 Rg3 27. Qh5
g6 28. Qd5 f3 29. Nxa7 Rxg2+ 30. Kf1 Qh4 31. Qd4+ Kg8 32. Qd5+ Rf7 33. Re2
fxe2+ 34. Kxe2 Qxf2+ 35. Kd3 Rg3# 0-1

[Event "XXXIII C.to Italiano femminile"]
[Site "Bratto - Castione della Presolana ITA"]
[Date "2006.08.23"]
[Round "5"]
[White "Palmitessa, Chiara"]
[Black "Palmitessa, Irene"]
[Result "1/2-1/2"]
[WhiteElo "1569"]
[BlackElo "1643"]
[PlyCount "22"]
[EventDate "2006.08.19"]

1. e4 e6 2. d4 d5 3. exd5 exd5 4. Bd3 Bd6 5. Nf3 Nf6 6. Bg5 Bg4 7. Nbd2 Nbd7 8.
c3 c6 9. Qc2 Qc7 10. O-O O-O 11. Rfe1 Rfe8 1/2-1/2

[Event "XXXIII C.to Italiano femminile"]
[Site "Bratto - Castione della Presolana ITA"]
[Date "2006.08.23"]
[Round "5"]
[White "Reginato, Sabrina"]
[Black "Monticone, Sonia"]
[Result "1-0"]
[WhiteElo "1517"]
[BlackElo "1623"]
[PlyCount "56"]
[EventDate "2006.08.19"]

1. e4 c5 2. Nf3 e6 3. d4 cxd4 4. Nxd4 a6 5. Nc3 Qc7 6. Be3 Bb4 7. Qd2 Nf6 8. f3
d5 9. Bd3 e5 10. Nde2 d4 11. Nxd4 exd4 12. Bxd4 Nc6 13. Be3 Be6 14. O-O O-O-O
15. Qf2 Qe7 16. Na4 Nd7 17. c3 Bd6 18. f4 f6 19. b4 b5 20. Nb2 g5 21. f5 Bf7
22. a4 Qe5 23. g3 h5 24. axb5 axb5 25. Bd4 Nxd4 26. cxd4 Qe7 27. Qc2+ Kb7 28.
Bxb5 Ra8 1-0

[Event "XXXIII C.to Italiano femminile"]
[Site "Bratto - Castione della Presolana ITA"]
[Date "2006.08.23"]
[Round "5"]
[White "Sautto, Alessandra"]
[Black "Capuano, Francesca"]
[Result "1/2-1/2"]
[WhiteElo "1950"]
[BlackElo "1977"]
[PlyCount "37"]
[EventDate "2006.08.19"]

1. d4 d5 2. Nf3 Nf6 3. Bf4 e6 4. e3 c5 5. c3 Nc6 6. h3 Bd6 7. Bxd6 Qxd6 8. Bd3
O-O 9. O-O e5 10. dxe5 Nxe5 11. Nxe5 Qxe5 12. Nd2 Bf5 13. Nf3 Qe6 14. Bxf5 Qxf5
15. Qb3 b6 16. Rfd1 Rfe8 17. Qb5 Qe6 18. Ng5 Qe5 19. Nf3 1/2-1/2

[Event "XXXIII C.to Italiano femminile"]
[Site "Bratto - Castione della Presolana ITA"]
[Date "2006.08.23"]
[Round "5"]
[White "Tonel, Giulia"]
[Black "Fittante, Giuliana"]
[Result "1-0"]
[WhiteElo "1905"]
[BlackElo "1883"]
[PlyCount "59"]
[EventDate "2006.08.19"]

1. e4 e5 2. Nf3 Nf6 3. d4 Nxe4 4. dxe5 d5 5. Nbd2 Nc6 6. Nxe4 dxe4 7. Qxd8+
Nxd8 8. Nd4 Bc5 9. Be3 O-O 10. Bc4 Bb6 11. O-O-O Bg4 12. Rde1 c5 13. Nb5 Nc6
14. Bf4 Rad8 15. Nd6 Rd7 16. Rxe4 Be6 17. c3 a6 18. Bg3 Ba7 19. f4 Bxc4 20.
Nxc4 Re8 21. Rhe1 Bb8 22. Nb6 Rde7 23. Bf2 Re6 24. Bxc5 f6 25. Nd7 Bc7 26. f5
Rxe5 27. Nxe5 Nxe5 28. Kc2 Rd8 29. g3 Nd3 30. Re8+ 1-0

[Event "XXXIII C.to Italiano femminile"]
[Site "Bratto - Castione della Presolana ITA"]
[Date "2006.08.23"]
[Round "5"]
[White "Vocaturo, Ilaria"]
[Black "Mosca, Giulia"]
[Result "1-0"]
[WhiteElo "1580"]
[BlackElo "1563"]
[PlyCount "53"]
[EventDate "2006.08.19"]

1. d4 d5 2. Nf3 Nf6 3. Bg5 e6 4. e3 Be7 5. Bd3 Nbd7 6. Nbd2 O-O 7. c3 c5 8. Ne5
Qc7 9. Ndf3 Re8 10. h4 Bd6 11. Bf4 h6 12. g4 Ne4 13. g5 Nxe5 14. Nxe5 Bxe5 15.
Bxe5 Qd8 16. gxh6 f6 17. Bg3 Kf7 18. hxg7 Rg8 19. Qh5+ Ke7 20. Qg6 c4 21. Bxe4
dxe4 22. h5 Kd7 23. h6 Qe7 24. Bh4 Qe8 25. Qxe8+ Kxe8 26. Bxf6 Kf7 27. h7 1-0

[Event "XXXIII C.to Italiano femminile"]
[Site "Bratto - Castione della Presolana ITA"]
[Date "2006.08.23"]
[Round "5"]
[White "Zanaboni, Alessandra"]
[Black "Di Cerbo, Giulia"]
[Result "0-1"]
[WhiteElo "1617"]
[BlackElo "1914"]
[PlyCount "50"]
[EventDate "2006.08.19"]

1. e4 e6 2. d4 d5 3. Nc3 dxe4 4. Nxe4 Bd7 5. Nf3 Bc6 6. Bd3 Bxe4 7. Bxe4 c6 8.
c3 Nf6 9. Bc2 Bd6 10. Bg5 Nbd7 11. O-O Qc7 12. a4 O-O 13. Qd3 Rad8 14. Kh1 Rfe8
15. Bh4 e5 16. Bg3 e4 17. Qd1 exf3 18. Qxf3 Bxg3 19. fxg3 Nb6 20. Bb3 Nbd5 21.
g4 Re3 22. Qf5 Qd7 23. g5 Qxf5 24. Rxf5 Ne8 25. Bc4 Nd6 0-1

[Event "XXXIII C.to Italiano femminile"]
[Site "Bratto - Castione della Presolana ITA"]
[Date "2006.08.24"]
[Round "6"]
[White "Brunello, Marina"]
[Black "Chierici, Marianna"]
[Result "0-1"]
[WhiteElo "1944"]
[BlackElo "1938"]
[PlyCount "52"]
[EventDate "2006.08.19"]

1. e4 d6 2. d4 Nf6 3. Nc3 e5 4. Nf3 Nbd7 5. Bc4 Be7 6. O-O O-O 7. Re1 c6 8. a4
Qc7 9. b3 Nb6 10. Be2 Bg4 11. Bb2 Rfe8 12. Qd2 Rad8 13. Qe3 Bf8 14. h3 Bh5 15.
g4 Bg6 16. a5 Nc8 17. Bf1 exd4 18. Qxd4 d5 19. exd5 Rxe1 20. Nxe1 Nxd5 21. Nxd5
Rxd5 22. Qc3 Nd6 23. Bg2 Ne4 24. Qc4 Qf4 25. Nd3 Rxd3 26. Bd4 Nd6 0-1

[Event "XXXIII C.to Italiano femminile"]
[Site "Bratto - Castione della Presolana ITA"]
[Date "2006.08.24"]
[Round "6"]
[White "Chiarion, Elisa"]
[Black "Palmitessa, Chiara"]
[Result "1/2-1/2"]
[WhiteElo "1636"]
[BlackElo "1569"]
[PlyCount "104"]
[EventDate "2006.08.19"]

1. e4 e5 2. Nf3 Nc6 3. Bc4 Bc5 4. c3 d6 5. h3 Nf6 6. d3 O-O 7. O-O h6 8. Bb3
Qe7 9. Re1 Bd7 10. Bc2 Rae8 11. d4 exd4 12. cxd4 Bb6 13. e5 Nd5 14. Qd3 f5 15.
a3 dxe5 16. dxe5 Qc5 17. Re2 Be6 18. b4 Qe7 19. Re1 Rd8 20. Qe2 Nd4 21. Qd1
Nxc2 22. Qxc2 a6 23. Bd2 c5 24. Qa4 cxb4 25. axb4 Rc8 26. b5 Qc5 27. Qh4 Qxb5
28. Na3 Qd7 29. Nc4 Qd8 30. Qxd8 Bxd8 31. Nd6 Rc7 32. Nd4 Bc8 33. Rec1 Be7 34.
Ba5 Rxc1+ 35. Rxc1 Bxd6 36. exd6 b6 37. Bd2 Bd7 38. Ra1 a5 39. Nf3 Re8 40. Rd1
Nf6 41. Rb1 Nd5 42. Rd1 Ra8 43. Ne5 Nf6 44. Rb1 Ra6 45. Nc4 b5 46. Nxa5 Rxd6
47. Bb4 Rd4 48. Bc3 Rd6 49. Nb7 Rb6 50. Na5 Nd5 51. Bd4 Ra6 52. Nb3 Bc8 1/2-1/2

[Event "XXXIII C.to Italiano femminile"]
[Site "Bratto - Castione della Presolana ITA"]
[Date "2006.08.24"]
[Round "6"]
[White "Costantini, Laura"]
[Black "Capuano, Francesca"]
[Result "1/2-1/2"]
[WhiteElo "2048"]
[BlackElo "1977"]
[PlyCount "60"]
[EventDate "2006.08.19"]

1. e4 e5 2. Nf3 Nf6 3. Nxe5 d6 4. Nf3 Nxe4 5. Nc3 Nxc3 6. dxc3 Be7 7. Be3 Nc6
8. Qd2 O-O 9. O-O-O Bf6 10. h4 Bg4 11. Be2 Re8 12. h5 h6 13. Kb1 Qe7 14. Rde1
Qd7 15. Bd3 Bf5 16. Reg1 Bxd3 17. cxd3 Ne5 18. Nxe5 dxe5 19. g4 Rad8 20. g5
hxg5 21. Bxg5 Qf5 22. Bh6 Kh7 23. Bg5 Qxd3+ 24. Qxd3+ Rxd3 25. h6 Bxg5 26.
hxg7+ Kxg7 27. Rxg5+ Kf6 28. Rgh5 Red8 29. Rh6+ Ke7 30. R6h5 Ke6 1/2-1/2

[Event "XXXIII C.to Italiano femminile"]
[Site "Bratto - Castione della Presolana ITA"]
[Date "2006.08.24"]
[Round "6"]
[White "Di Cerbo, Giulia"]
[Black "Arnetta, Maria Teresa"]
[Result "1-0"]
[WhiteElo "1914"]
[BlackElo "2020"]
[PlyCount "137"]
[EventDate "2006.08.19"]

1. d4 d5 2. Nf3 c5 3. c3 Nf6 4. Bf4 Qb6 5. Qc2 Nc6 6. e3 g6 7. Nbd2 Bg7 8. Be2
O-O 9. O-O Re8 10. Qb3 Qxb3 11. axb3 Nd7 12. Rfd1 h6 13. h3 cxd4 14. exd4 Nf6
15. Bd3 Bd7 16. Re1 a6 17. Ne5 Nxe5 18. Bxe5 Bc6 19. Nf3 Nd7 20. Bxg7 Kxg7 21.
Ne5 Nxe5 22. Rxe5 e6 23. Rae1 Bb5 24. Bc2 Rec8 25. R1e3 Ra7 26. Rg3 Kf6 27.
Rf3+ Ke7 28. Rg3 Kf6 29. h4 h5 30. Rf3+ Ke7 31. Rfe3 Kd6 32. Bd3 Bxd3 33. Rxd3
a5 34. Rf3 b5 35. Kh2 Rcc7 36. Ree3 b4 37. cxb4 axb4 38. Re2 Ra1 39. Rd3 Rcc1
40. Red2 Rab1 41. Kg3 Rh1 42. Rf3 Rbd1 43. Rdd3 Rxd3 44. Rxd3 e5 45. f3 exd4
46. Rxd4 Kc5 47. Rd2 d4 48. Rc2+ Kd5 49. Rd2 Re1 50. Kf4 f6 51. g4 hxg4 52.
fxg4 Re4+ 53. Kf3 Re3+ 54. Kg2 Rxb3 55. h5 gxh5 56. gxh5 Re3 57. h6 Re8 58. Kf3
Rh8 59. Rh2 Kc4 60. Ke4 d3 61. Ke3 Kb3 62. Kxd3 Rh7 63. Ke4 Ka2 64. Kf5 Rxh6
65. Rxh6 Kxb2 66. Ke4 b3 67. Kd3 Ka2 68. Rh2+ Ka3 69. Kc3 1-0

[Event "XXXIII C.to Italiano femminile"]
[Site "Bratto - Castione della Presolana ITA"]
[Date "2006.08.24"]
[Round "6"]
[White "Fittante, Giuliana"]
[Black "Zanaboni, Alessandra"]
[Result "1-0"]
[WhiteElo "1883"]
[BlackElo "1617"]
[PlyCount "65"]
[EventDate "2006.08.19"]

1. d4 d5 2. Nf3 Nf6 3. Bg5 e6 4. e3 Be7 5. Bd3 O-O 6. Nbd2 Nbd7 7. c3 c5 8. O-O
b6 9. Qa4 h6 10. Bh4 Bb7 11. Rad1 Ne4 12. Bxe7 Qxe7 13. Bb1 cxd4 14. exd4 Nxd2
15. Rxd2 Nf6 16. Re1 Ne4 17. Rde2 f5 18. Ne5 Rf6 19. f3 Ng5 20. Bd3 a6 21. Kh1
b5 22. Qa5 Qd6 23. Bc2 Re8 24. Nd3 Bc8 25. a4 Qd8 26. Qb4 Qb6 27. axb5 axb5 28.
Ba4 Ba6 29. Nc5 Re7 30. Re5 Kf7 31. Bb3 Ra7 32. h4 Nh7 33. Rxe6 1-0

[Event "XXXIII C.to Italiano femminile"]
[Site "Bratto - Castione della Presolana ITA"]
[Date "2006.08.24"]
[Round "6"]
[White "Messina, Roberta"]
[Black "Tonel, Giulia"]
[Result "0-1"]
[WhiteElo "1859"]
[BlackElo "1905"]
[PlyCount "106"]
[EventDate "2006.08.19"]

1. e4 e5 2. Nf3 Nc6 3. d4 exd4 4. Nxd4 Nf6 5. Nxc6 bxc6 6. Bd3 d5 7. e5 Ng4 8.
Qe2 Bc5 9. O-O Qh4 10. h3 Nh6 11. Be3 Bb6 12. Nd2 O-O 13. Nf3 Qh5 14. c3 f6 15.
Bxb6 cxb6 16. e6 Re8 17. e7 Qf7 18. Rfe1 Nf5 19. Bxf5 Bxf5 20. Nd4 Bd7 21. a4
a5 22. Qe3 c5 23. Nf3 Ra7 24. Re2 Bxa4 25. Qf4 Bb5 26. Re3 Raxe7 27. Rxe7 Qxe7
28. Re1 Qb7 29. Rxe8+ Bxe8 30. Qd6 Kf7 31. Nh4 Qc6 32. Qd8 g6 33. Nf3 a4 34.
Nd2 b5 35. Nf3 Qd7 36. Qb6 Qc6 37. Qa7+ Bd7 38. Qb8 Kg7 39. Qd8 Be6 40. Qe7+
Bf7 41. Qa7 b4 42. Qa5 bxc3 43. bxc3 Be8 44. Qa7+ Bd7 45. Qa5 d4 46. cxd4 cxd4
47. Qa7 d3 48. Qd4 a3 49. Qb4 Qc1+ 50. Kh2 Be6 51. Nd4 Bf7 52. g3 a2 53. Qe7
Qc4 0-1

[Event "XXXIII C.to Italiano femminile"]
[Site "Bratto - Castione della Presolana ITA"]
[Date "2006.08.24"]
[Round "6"]
[White "Monticone, Sonia"]
[Black "Ammendola, Monica"]
[Result "1-0"]
[WhiteElo "1623"]
[BlackElo "1640"]
[PlyCount "83"]
[EventDate "2006.08.19"]

1. c4 Nf6 2. Nc3 e6 3. d4 Bb4 4. Nf3 d5 5. e3 O-O 6. Bd3 Nc6 7. O-O Re8 8. a3
Bxc3 9. bxc3 b6 10. cxd5 exd5 11. c4 Bg4 12. Bb2 Na5 13. cxd5 Qxd5 14. Be2 Rac8
15. Rc1 Ne4 16. h3 Bh5 17. g4 Bg6 18. Ne5 Qb3 19. Nxg6 hxg6 20. Qxb3 Nxb3 21.
Rc2 Red8 22. Ba6 Nbd2 23. Rd1 Nf3+ 24. Kf1 Rb8 25. Rxc7 Nfg5 26. Bd3 f5 27.
Bxe4 Nxe4 28. Rxa7 Rdc8 29. d5 Rc2 30. Bd4 Rxf2+ 31. Kg1 fxg4 32. Rxg7+ Kf8 33.
Rh7 gxh3 34. Rxh3 Ke7 35. Rh4 Rf5 36. Rxe4+ Kd6 37. Re6+ Kd7 38. Rxg6 Rxd5 39.
Rb1 b5 40. Rf1 Ke7 41. Rg7+ Ke8 42. Rg8+ 1-0

[Event "XXXIII C.to Italiano femminile"]
[Site "Bratto - Castione della Presolana ITA"]
[Date "2006.08.24"]
[Round "6"]
[White "Palmitessa, Irene"]
[Black "Varagnolo, Silvia"]
[Result "1-0"]
[WhiteElo "1643"]
[BlackElo "1667"]
[PlyCount "115"]
[EventDate "2006.08.19"]

1. e4 c6 2. d4 d5 3. exd5 cxd5 4. Nf3 Nc6 5. c3 g6 6. Bd3 Bg7 7. Bf4 Nf6 8. O-O
O-O 9. Nbd2 Bf5 10. Bxf5 gxf5 11. Ne5 Nxe5 12. Bxe5 Kh8 13. Nf3 e6 14. Qd2 Ne4
15. Bxg7+ Kxg7 16. Qf4 Qf6 17. Ne5 Qg5 18. Qxg5+ Nxg5 19. f3 f6 20. Nd3 Rfe8
21. Rfe1 Re7 22. Re2 Rae8 23. Rae1 Nf7 24. Nf4 e5 25. Nxd5 Rd7 26. dxe5 fxe5
27. Nf4 Kf6 28. c4 Rd4 29. Nd5+ Kg6 30. b3 b5 31. Nc7 Re7 32. Nxb5 Rd8 33. Nc3
Re6 34. Kf2 Red6 35. Nd5 Re8 36. Rd2 Rdd8 37. Red1 Kg7 38. Nc7 Rxd2+ 39. Rxd2
Re7 40. Nd5 Rd7 41. Ke2 Rd6 42. Ne3 Rf6 43. Rd7 a6 44. Nd5 Rg6 45. g3 Kf8 46.
Ra7 h5 47. Nc7 h4 48. Kf2 hxg3+ 49. hxg3 Rd6 50. Ke3 Rg6 51. Kf2 Rd6 52. Rxa6
Rd3 53. Ne6+ Kg8 54. c5 e4 55. fxe4 fxe4 56. c6 Ne5 57. c7 Rd2+ 58. Ke3 1-0

[Event "XXXIII C.to Italiano femminile"]
[Site "Bratto - Castione della Presolana ITA"]
[Date "2006.08.24"]
[Round "6"]
[White "Panella, Fiammetta"]
[Black "Brunello, Roberta"]
[Result "1/2-1/2"]
[WhiteElo "1954"]
[BlackElo "1863"]
[PlyCount "70"]
[EventDate "2006.08.19"]

1. e4 e5 2. Nf3 Nc6 3. d4 exd4 4. Bc4 Bc5 5. c3 Nf6 6. e5 d5 7. Bb5 Ne4 8. cxd4
Bb4+ 9. Bd2 Nxd2 10. Nbxd2 O-O 11. O-O Bxd2 12. Qxd2 Ne7 13. b4 c6 14. Bd3 Bf5
15. Rfc1 Qb6 16. Rab1 Rfc8 17. Rc5 Bxd3 18. Qxd3 a5 19. bxa5 Qc7 20. Ng5 Ng6
21. h4 h6 22. h5 Nf8 23. Nf3 Ne6 24. Rc2 Rxa5 25. Rcb2 Nd8 26. Nh4 Rca8 27. Nf5
Ra3 28. Qe2 Kh7 29. Qg4 g6 30. Nd6 R8a7 31. Ne8 Qe7 32. Nf6+ Kg7 33. hxg6 fxg6
34. Nh5+ Kh7 35. Nf6+ Kg7 1/2-1/2

[Event "XXXIII C.to Italiano femminile"]
[Site "Bratto - Castione della Presolana ITA"]
[Date "2006.08.24"]
[Round "6"]
[White "Reginato, Sabrina"]
[Black "Vocaturo, Ilaria"]
[Result "1/2-1/2"]
[WhiteElo "1517"]
[BlackElo "1580"]
[PlyCount "67"]
[EventDate "2006.08.19"]

1. e4 e5 2. Nf3 Nf6 3. Nxe5 d6 4. Nf3 Nxe4 5. d4 d5 6. Bd3 Bd6 7. O-O O-O 8. c4
c6 9. cxd5 cxd5 10. Nc3 Nxc3 11. bxc3 Bg4 12. Rb1 b6 13. Re1 h6 14. Bc2 Bh5 15.
Rb5 a6 16. Rb3 b5 17. Ba3 Nc6 18. Re3 Na5 19. Bxd6 Qxd6 20. Rb1 Nc4 21. Re1
Rfe8 22. Rxe8+ Rxe8 23. Ra1 Qf6 24. Qd3 Bg6 25. Qd1 Bxc2 26. Qxc2 Qe6 27. Kf1
Qd7 28. a4 bxa4 29. Qxa4 Qxa4 30. Rxa4 a5 31. Ne5 Nxe5 32. dxe5 Rxe5 33. Rxa5
f6 34. g3 1/2-1/2

[Event "XXXIII C.to Italiano femminile"]
[Site "Bratto - Castione della Presolana ITA"]
[Date "2006.08.24"]
[Round "6"]
[White "Santurbano, Maria Vincenza"]
[Black "Matta, Francesca"]
[Result "1/2-1/2"]
[WhiteElo "1985"]
[BlackElo "1841"]
[PlyCount "145"]
[EventDate "2006.08.19"]

1. e4 e5 2. Nf3 Nc6 3. Bc4 Bc5 4. d3 Nf6 5. c3 d6 6. a4 a5 7. O-O O-O 8. Nbd2
Ne7 9. d4 exd4 10. cxd4 Bb4 11. Qc2 c6 12. e5 Bf5 13. Qb3 Ne4 14. Nxe4 Bxe4 15.
exd6 Qxd6 16. Ne5 Bd5 17. Bf4 Qe6 18. Rad1 Bxc4 19. Qxc4 Qxc4 20. Nxc4 Nd5 21.
Bd6 Rfe8 22. Bxb4 Nxb4 23. Rfe1 Nc2 24. Rxe8+ Rxe8 25. Nxa5 Ra8 26. Nxb7 Rxa4
27. g3 Nxd4 28. Nc5 Rb4 29. Nd3 Rb8 30. b4 f6 31. Kf1 Kf7 32. Ke1 Nc2+ 33. Kd2
Nxb4 34. Rb1 Na6 35. Ra1 Nb4 36. Ra7+ Kf8 37. Nc5 Re8 38. Kc3 Nd5+ 39. Kd4 h5
40. Ne4 Re7 41. Ra8+ Re8 42. Ra7 Re7 43. Ra6 Nb4 44. Ra8+ Kf7 45. Nd6+ Ke6 46.
Kc5 Nd3+ 47. Kxc6 Nxf2 48. Ra2 Ng4 49. Nb5 Ne5+ 50. Kc5 g5 51. Nd4+ Kf7 52. Kd5
Ng6 53. Nc6 Rd7+ 54. Ke4 Ne7 55. Nd4 Kg6 56. Ra6 Rb7 57. h3 g4 58. h4 Rb4 59.
Ke3 Nf5+ 60. Nxf5 Kxf5 61. Ra5+ Kg6 62. Rc5 Rb3+ 63. Kf2 Rf3+ 64. Kg2 Rf5 65.
Rc7 Re5 66. Kf2 Rf5+ 67. Kg2 Re5 68. Kf2 Kf5 69. Rc4 Re4 70. Rc5+ Re5 71. Rc4
Ke6 72. Rc6+ Kf5 73. Rc4 1/2-1/2

[Event "XXXIII C.to Italiano femminile"]
[Site "Bratto - Castione della Presolana ITA"]
[Date "2006.08.24"]
[Round "6"]
[White "Sautto, Alessandra"]
[Black "De Rosa, Mariagrazia"]
[Result "0-1"]
[WhiteElo "1950"]
[BlackElo "2092"]
[PlyCount "102"]
[EventDate "2006.08.19"]

1. d4 c5 2. c3 Nf6 3. Nf3 b6 4. g3 Bb7 5. Bg2 g6 6. O-O Bg7 7. Re1 O-O 8. Nbd2
cxd4 9. cxd4 d5 10. e3 Nc6 11. a3 Na5 12. b3 Ne4 13. Bb2 h6 14. Rc1 Qd7 15. b4
Nxd2 16. Nxd2 Nc6 17. Qb3 e6 18. Nf3 Ne7 19. Rc3 Bc6 20. Qc2 Ba4 21. Qd2 Nf5
22. Rec1 Rfc8 23. Rxc8+ Rxc8 24. Rxc8+ Qxc8 25. Qc3 Qxc3 26. Bxc3 Nd6 27. Nd2
Kf8 28. Bf1 Ke8 29. Bd3 Kd7 30. f3 Bf8 31. Kf2 Kc6 32. e4 Nb5 33. Nb1 Bb3 34.
Ke3 a5 35. bxa5 Nxc3 36. Nxc3 bxa5 37. Bb5+ Kb6 38. a4 Bb4 39. Kd3 g5 40. Ne2
f6 41. g4 Be1 42. h3 Kc7 43. Ke3 Bc2 44. Nc1 Kd6 45. Nd3 Bc3 46. Nf2 e5 47.
dxe5+ Bxe5 48. exd5 Kxd5 49. Nd3 Bd1 50. Ne1 Bc3 51. Nd3 Bd4+ 0-1

[Event "XXXIII C.to Italiano femminile"]
[Site "Bratto - Castione della Presolana ITA"]
[Date "2006.08.25"]
[Round "7"]
[White "Arnetta, Maria Teresa"]
[Black "Santurbano, Maria Vincenza"]
[Result "1-0"]
[WhiteElo "2020"]
[BlackElo "1985"]
[PlyCount "59"]
[EventDate "2006.08.19"]

1. e4 c5 2. c3 e5 3. Nf3 Nc6 4. Bc4 Be7 5. d4 cxd4 6. cxd4 exd4 7. O-O d6 8.
Nxd4 Nf6 9. Nc3 O-O 10. h3 Bd7 11. Re1 Rc8 12. Bb3 a6 13. Bg5 h6 14. Bh4 Na5
15. Bc2 Nc4 16. Qf3 Ne5 17. Qd1 Qb6 18. Bb3 Nc4 19. Nf5 Bxf5 20. exf5 Qd8 21.
Rxe7 Qxe7 22. Nd5 Qe5 23. Nxf6+ gxf6 24. Qg4+ Kh7 25. Bxc4 Rg8 26. Qh5 Rxc4 27.
Qxf7+ Rg7 28. Qxc4 Qxf5 29. Re1 Qxh3 30. Bg3 1-0

[Event "XXXIII C.to Italiano femminile"]
[Site "Bratto - Castione della Presolana ITA"]
[Date "2006.08.25"]
[Round "7"]
[White "Brunello, Roberta"]
[Black "Di Cerbo, Giulia"]
[Result "1-0"]
[WhiteElo "1863"]
[BlackElo "1914"]
[PlyCount "49"]
[EventDate "2006.08.19"]

1. e4 e6 2. d4 d5 3. e5 c5 4. c3 Nc6 5. Nf3 cxd4 6. cxd4 Nge7 7. Nc3 Nf5 8. a3
Be7 9. Be2 Bd7 10. O-O O-O 11. b4 Rc8 12. Bb2 f6 13. Rc1 fxe5 14. dxe5 Qe8 15.
Nxd5 exd5 16. Qxd5+ Kh8 17. e6 Bxe6 18. Qxe6 Bxb4 19. Qxe8 Rcxe8 20. Bb5 Bd6
21. Bxc6 bxc6 22. Rxc6 Re2 23. Rb1 Rb8 24. Rxd6 Rexb2 25. Rxb2 1-0

[Event "XXXIII C.to Italiano femminile"]
[Site "Bratto - Castione della Presolana ITA"]
[Date "2006.08.25"]
[Round "7"]
[White "Capuano, Francesca"]
[Black "Panella, Fiammetta"]
[Result "0-1"]
[WhiteElo "1977"]
[BlackElo "1954"]
[PlyCount "58"]
[EventDate "2006.08.19"]

1. d4 d5 2. Nf3 Nf6 3. c4 dxc4 4. e3 b5 5. a4 c6 6. Ne5 Qb6 7. b3 cxb3 8. axb5
Be6 9. Nc3 Nd5 10. Bd2 Nxc3 11. Bxc3 Bd5 12. bxc6 Nxc6 13. Ra6 Qb7 14. Nxc6
Bxc6 15. f3 e6 16. Qa1 Be7 17. e4 Bh4+ 18. Kd1 O-O 19. Bd3 Rfb8 20. Qb2 f5 21.
Bc4 Kh8 22. Ra3 fxe4 23. Rxb3 Ba4 24. Kc2 exf3 25. gxf3 Qxf3 26. Rd1 Rxb3 27.
Bxb3 Rb8 28. Rd3 Bxb3+ 29. Qxb3 Qxd3+ 0-1

[Event "XXXIII C.to Italiano femminile"]
[Site "Bratto - Castione della Presolana ITA"]
[Date "2006.08.25"]
[Round "7"]
[White "Chiarion, Elisa"]
[Black "Monticone, Sonia"]
[Result "1/2-1/2"]
[WhiteElo "1636"]
[BlackElo "1623"]
[PlyCount "111"]
[EventDate "2006.08.19"]

1. e4 c5 2. Nf3 e6 3. d4 cxd4 4. Nxd4 Nf6 5. Bd3 a6 6. O-O Qc7 7. Qe2 Nc6 8.
Nb3 Be7 9. f4 d6 10. c4 O-O 11. Kh1 Bd7 12. Nc3 Nb4 13. Bb1 Rac8 14. Nd2 Ne8
15. a3 Nc6 16. Nf3 Na5 17. Nd2 Nxc4 18. Nxc4 Qxc4 19. Bd3 Qc7 20. Be3 Bc6 21.
Rac1 Qd8 22. Qc2 g6 23. f5 Ng7 24. Qd2 Bf6 25. Ne2 Be5 26. Ng1 exf5 27. Bg5 Qd7
28. exf5 Nh5 29. Be2 Nf6 30. Bh6 Ne4 31. Qe1 Bg7 32. Qh4 Qd8 33. Qh3 Bxb2 34.
Bxf8 Bxc1 35. fxg6 hxg6 36. Bh6 Bxh6 37. Qxh6 Qg5 38. Qh3 Rf8 39. Bf3 Qc5 40.
Bxe4 Bxe4 41. Ne2 Bf5 42. Qf3 Kg7 43. Rc1 Qa5 44. Rd1 Qe5 45. Ng3 Bc8 46. Qb3
b5 47. Qb4 d5 48. Qc5 Re8 49. Nf1 Be6 50. Qf2 Qd6 51. Qd4+ f6 52. Qb2 Rc8 53.
Qe2 Bf7 54. Qf3 Qc5 55. h3 Qc3 56. Rd3 1/2-1/2

[Event "XXXIII C.to Italiano femminile"]
[Site "Bratto - Castione della Presolana ITA"]
[Date "2006.08.25"]
[Round "7"]
[White "Chierici, Marianna"]
[Black "De Rosa, Mariagrazia"]
[Result "1-0"]
[WhiteElo "1938"]
[BlackElo "2092"]
[PlyCount "97"]
[EventDate "2006.08.19"]

1. e4 g6 2. d4 Bg7 3. Nc3 c6 4. f4 d5 5. e5 Nh6 6. Bd3 Qb6 7. Nf3 Bg4 8. Na4
Bxf3 9. Nxb6 Bxd1 10. Nxa8 Bg4 11. b4 Kd7 12. b5 cxb5 13. Rb1 Nc6 14. Rxb5 Rxa8
15. Rxb7+ Kd8 16. Ba3 Rb8 17. Bxe7+ Kc8 18. Rxb8+ Kxb8 19. Bd6+ Kc8 20. h3 Bf5
21. Ba6+ Kd8 22. c4 Nxd4 23. cxd5 Be4 24. Kf2 Nhf5 25. Bc5 Bh6 26. Re1 Bc2 27.
g4 Bxf4 28. gxf5 Nxf5 29. Kf3 g5 30. e6 Nh4+ 31. Ke2 fxe6 32. dxe6 Nf5 33. Kf3
Ba4 34. e7+ Ke8 35. Bd3 Nh4+ 36. Kf2 h5 37. Re4 Bc6 38. Rd4 Kf7 39. Bc4+ Kf6
40. Rd8 Nf5 41. e8=Q Bg3+ 42. Kf1 Bxe8 43. Rxe8 g4 44. hxg4 hxg4 45. Bxa7 Bf4
46. a4 g3 47. Bd5 Kg5 48. Kg1 Nh4 49. Bb6 1-0

[Event "XXXIII C.to Italiano femminile"]
[Site "Bratto - Castione della Presolana ITA"]
[Date "2006.08.25"]
[Round "7"]
[White "Fittante, Giuliana"]
[Black "Reginato, Sabrina"]
[Result "0-1"]
[WhiteElo "1883"]
[BlackElo "1517"]
[PlyCount "118"]
[EventDate "2006.08.19"]

1. d4 d5 2. Nf3 e6 3. g3 Nf6 4. Bg2 c5 5. c3 Be7 6. Nbd2 O-O 7. O-O b6 8. Ne5
cxd4 9. cxd4 Bb7 10. Ndf3 Nbd7 11. Bg5 Nxe5 12. Nxe5 Nd7 13. Bxe7 Qxe7 14. Nd3
Rfc8 15. Rc1 Ba6 16. Qd2 h6 17. Rfe1 Qg5 18. Qxg5 hxg5 19. Rxc8+ Rxc8 20. Rc1
Rxc1+ 21. Nxc1 Nf6 22. f3 Ne8 23. e4 Nd6 24. exd5 exd5 25. Kf2 Nf5 26. f4 gxf4
27. gxf4 Nxd4 28. Bxd5 Kf8 29. Ke3 Nf5+ 30. Ke4 Nd6+ 31. Kd4 Ke7 32. Nb3 Kf6
33. Nd2 Kf5 34. Ke3 f6 35. Bf3 Nc4+ 36. Nxc4 Bxc4 37. a3 Bf1 38. Kf2 Kxf4 39.
Bd5 Bd3 40. Bc6 f5 41. Bd5 Ke5 42. Bc6 Kd4 43. Bd7 g5 44. Kf3 Be4+ 45. Kg3 Kd3
46. Be6 Kc2 47. b3 Kb2 48. a4 a5 49. Kf2 f4 50. h3 Bc2 51. Kf3 Bxb3 52. Bd7
Bd1+ 53. Ke4 f3 54. Ke3 Ka3 55. Bc6 Bxa4 56. Bxf3 b5 57. Kd4 b4 58. Ke5 b3 59.
Kf6 b2 0-1

[Event "XXXIII C.to Italiano femminile"]
[Site "Bratto - Castione della Presolana ITA"]
[Date "2006.08.25"]
[Round "7"]
[White "Matta, Francesca"]
[Black "Sautto, Alessandra"]
[Result "1-0"]
[WhiteElo "1841"]
[BlackElo "1950"]
[PlyCount "61"]
[EventDate "2006.08.19"]

1. c4 e6 2. Nf3 d5 3. b3 Nf6 4. g3 b6 5. Bg2 Bb7 6. Bb2 Be7 7. O-O O-O 8. e3
Nbd7 9. Nc3 c5 10. Qe2 a6 11. Rfd1 Qc7 12. Rac1 dxc4 13. Qxc4 b5 14. Qe2 Qb6
15. d4 Rfd8 16. dxc5 Nxc5 17. b4 Nce4 18. Nxe4 Nxe4 19. Bd4 Rxd4 20. Rxd4 Bf6
21. Rd3 Be7 22. Rd7 Bd6 23. Nd2 f5 24. Nxe4 fxe4 25. Qg4 Be5 26. Rcc7 Qxc7 27.
Qxe6+ Kh8 28. Rxc7 Bxc7 29. Bxe4 Bxe4 30. Qxe4 Rd8 31. Qc6 1-0